| 000 | 00587nam a22001937a 4500 | ||
|---|---|---|---|
| 005 | 20130611114602.0 | ||
| 010 | _aENG-107411 | ||
| 020 |
_a9789381523520 _c1495.00 |
||
| 035 | _aEN-90944 | ||
| 037 | _bDBAD/PUB | ||
| 082 | _a759.7 | ||
| 245 |
_aNicholas Roerich : _cedited by Manju Kak _ba quest and a legacy / |
||
| 260 |
_aNew Delhi _bNiyogi Books _c2013 |
||
| 270 |
_aD-78, Okhla Industrial Area, Phase-I _bNew Delhi _e110020 |
||
| 300 |
_a257p. : _c32cm(Hb) _bcol. ill. |
||
| 500 | _aIncludes index | ||
| 700 |
_aKak, Manju _943383 |
||
| 942 |
_2ddc _cEN _mNIC _h759.7 |
||
| 999 |
_c76201 _d76201 |
||